El caballo volador /
Guardado en:
| Autor Principal: | |
|---|---|
| Otros Autores: | |
| Formato: | Libro |
| Publicado: |
Buenos Aires :
Estrada,
2013
|
| Series: | Azulejitos ; 13
|
| Materias: | |
| Etiquetas: |
Agregar Etiqueta
Sin Etiquetas, Sea el primero en etiquetar este registro!
|
| LEADER | 02011nam a22004215a 4500 | ||
|---|---|---|---|
| 001 | CEM.cems015131 | ||
| 005 | 20190923155243.0 | ||
| 008 | 130507s2013##################000#0#####d | ||
| 003 | CEMS | ||
| 020 | |a 9789500115193 | ||
| 082 | 0 | 4 | |a A868.4 |
| 100 | 1 | |a Clemente, Horacio | |
| 245 | 1 | 0 | |a El caballo volador / |c Horacio Clemente ; ilustrado Por Juan Deleau |
| 260 | |a Buenos Aires : |b Estrada, |c 2013 | ||
| 300 | |a 64 p. | ||
| 490 | 0 | |a Azulejitos ; 13 | |
| 653 | |a Literatura | ||
| 653 | |a Literatura argentina | ||
| 653 | |a Literatura infantil | ||
| 653 | |a Cuentos infantiles | ||
| 653 | |a Colección ciencias de la educación | ||
| 700 | 1 | |a Deleu, Juan; il. | |
| 859 | |a CEMS |b BIB. CEMS - Ccias. Educacion |h A868.4 |i C591 |k CE |p 28011.19 |t Ej.1 | ||
| 859 | |a CEMS |b BIB. CEMS - Ccias. Educacion |h A868.4 |i C591 |k CE |p 28012.19 |t Ej.2 | ||
| 859 | |a CEMS |b BIB. CEMS - Ccias. Educacion |h A868.4 |i C591 |k CE |p 28013.19 |t Ej.3 | ||
| 859 | |a CEMS |b BIB. CEMS - Ccias. Educacion |h A868.4 |i C591 |k CE |p 28014.19 |t Ej.4 | ||
| 859 | |a CEMS |b BIB. CEMS - Ccias. Educacion |h A868.4 |i C591 |k CE |p 28015.19 |t Ej.5 | ||
| 859 | |a CEMS |b BIB. CEMS - Ccias. Educacion |h A868.4 |i C591 |k CE |p 28016.19 |t Ej.6 | ||
| 859 | |a CEMS |b BIB. CEMS - Ccias. Educacion |h A868.4 |i C591 |k CE |p 28017.19 |t Ej.7 | ||
| 859 | |a CEMS |b BIB. CEMS - Ccias. Educacion |h A868.4 |i C591 |k CE |p 28282.19 |t Ej.8 | ||
| 859 | |a CEMS |b BIB. CEMS - Ccias. Educacion |h A868.4 |i C591 |k CE |p 28283.19 |t Ej.9 | ||
| 859 | |a CEMS |b BIB. CEMS - Ccias. Educacion |h A868.4 |i C591 |k CE |p 28284.19 |t Ej.10 | ||
| 859 | |a CEMS |b BIB. CEMS - Ccias. Educacion |h A868.4 |i C591 |k CE |p 28285.19 |t Ej.11 | ||
| 859 | |a CEMS |b BIB. CEMS - Ccias. Educacion |h A868.4 |i C591 |k CE |p 28286.19 |t Ej.12 | ||
| 859 | |a CEMS |b BIB. CEMS - Ccias. Educacion |h A868.4 |i C591 |k CE |p 28287.19 |t Ej.13 | ||
| 859 | |a CEMS |b BIB. CEMS - Ccias. Educacion |h A868.4 |i C591 |k CE |p 28288.19 |t Ej.14 | ||
| 859 | |a CEMS |b BIB. CEMS - Ccias. Educacion |h A868.4 |i C591 |k CE |p 28289.19 |t Ej.15 | ||
| 859 | |a CEMS |b BIB. CEMS - Ccias. Educacion |h A868.4 |i C591 |k CE |p 28880.19 |t Ej.16 | ||
